000 00710nam a2200241Ia 4500
003 OSt
005 20220925213710.0
006 a|||||r|||| 00| 0
007 ta
008 220923b |||||||| |||| 00| 0 eng d
037 _cGeneral Book
040 _aRTL
_cRTL
_beng
041 _2eng
_aeng
082 _aX;271:(G:55), N2
100 _aKula Erhun
_9278876
245 0 _aEconomic of natural resouces and the environment
260 _aLondon
_bChapman and Hall
_c1992
300 _axii, 287p
_ccm.
500 _aBibliography: P271-80; Appendix: P 264-70
650 _aNatural Resources Economics
942 _hX;271:(G:55), N2
_cGB
_2CC
999 _c563507
_d563507